000 01324nam a2200409 i 4500
001 26122
003 KOSZ 005
005 20200210103248.0
008 051117s1974 pl a f f |000 0 pol
015 _aPB 1974/4674
035 _a(OCoLC)749669496
040 _aWA N
_cWA N
_dKOSZ 005/EC
_dKOSZ 005/HR
041 0 _apol
046 _k1974
080 _a621.31
080 _a621.1.01:536.7
080 _a(07)
100 1 _aNehrebecki, Lucjan
_d(1900-1990).
_eAutor
245 1 0 _aElektrownie cieplne /
_cLucjan Nehrebecki.
260 _aWarszawa :
_bWydawnictwa Naukowo-Techniczne,
_c1974
_f(Bielskie Zakł. Graf.).
300 _a615 s., 2 s. tabl. :
_bil., mapa, wykr. ;
_c25 cm.
336 _2rdacontent
_aTekst
_btxt
337 _2rdamedia
_aBez urządzenia pośredniczącego
_bn
338 _2rdacarrier
_aWolumin
_bnc
380 _aKsiążki
380 _aPublikacje fachowe
388 _a1901-2000
388 _a1945-1989
504 _aBibliogr.
658 _aInżynieria i technika
650 4 _aTermodynamika techniczna
655 4 _aPodręcznik
650 4 _aElektrociepłownie
710 2 _aWydawnictwa Naukowo-Techniczne
_4pbl.
856 _uhttp://koha.tu.koszalin.pl/cgi-bin/koha/opac-detail.pl?biblionumber=26122
_yKatalog online BPK
942 _2UKD
_cKS
999 _c26122
_d26122